Digital marketing cho doanh nghiệp nhỏ

Sách đưa ra một bộ khung giúp bạn lên kế hoạch và thực thi một kế hoạch digital marketing cho doanh nghiệp nhỏ. Giới thiệu năm bước đơn giản giúp bạn xây dựng thương hiệu, gia tăng khách hàng và tạo thêm doanh thu....

Mô tả đầy đủ

Đã lưu trong:
Chi tiết về thư mục
Tác giả chính: Swartz, Avery
Tác giả khác: Phí Mai (Dịch)
Định dạng: Sách
Ngôn ngữ:Vietnamese
Được phát hành: H. Công thương 2022
Những chủ đề:
Các nhãn: Thêm thẻ
Không có thẻ, Là người đầu tiên thẻ bản ghi này!
Thư viện lưu trữ: Thư viện Trường Đại học Nam Cần Thơ
LEADER 01550nam a22002417a 4500
001 NCT_4_016624
008 250116b xxu||||| |||| 00| 0 vie d
999 |c 8793  |d 8793 
020 |a 9786043621761  |c 99000 
082 0 4 |2 23rd ed.  |a 658.872  |b S973 
100 1 |a Swartz, Avery 
245 1 0 |a Digital marketing cho doanh nghiệp nhỏ  |c Avery Swartz ; Phí Mai (Dịch) 
260 |a H.  |b Công thương  |c 2022 
300 |a 282 tr.  |c 21 cm 
500 |a Tên sách tiếng Anh: See you on the internet : Building your small business with digital marketing 
520 3 |a Sách đưa ra một bộ khung giúp bạn lên kế hoạch và thực thi một kế hoạch digital marketing cho doanh nghiệp nhỏ. Giới thiệu năm bước đơn giản giúp bạn xây dựng thương hiệu, gia tăng khách hàng và tạo thêm doanh thu. 
653 |a Truyền thông đa phương tiện 
700 0 |a Phí Mai  |e Dịch 
942 |2 ddc  |c BK 
952 |0 0  |1 0  |2 ddc  |4 0  |6 658_872000000000000_S973  |7 0  |9 30237  |a 000001  |b 000001  |d 2025-01-20  |o 658.872 S973  |p MD.23274  |r 2025-01-20  |v 99000.00  |w 2025-01-20  |y BK 
952 |0 0  |1 0  |2 ddc  |4 0  |6 658_872000000000000_S973  |7 0  |9 30238  |a 000001  |b 000001  |d 2025-01-20  |l 1  |m 1  |o 658.872 S973  |p MD.23275  |r 2025-04-15  |s 2025-03-25  |v 99000.00  |w 2025-01-20  |y BK 
952 |0 0  |1 0  |2 ddc  |4 0  |6 658_872000000000000_S973  |7 0  |9 30239  |a 000001  |b 000001  |d 2025-01-20  |l 1  |o 658.872 S973  |p MD.23276  |r 2025-04-09  |s 2025-04-01  |v 99000.00  |w 2025-01-20  |y BK 
980 |a Thư viện Trường Đại học Nam Cần Thơ